Brunei Darussalam : Recent Economic Developments.

This paper describes economic developments in Brunei Darussalam during 1997-98. In 1997, the economy grew by 4 percent led by strong construction and services activities, while average inflation declined to less than 2 percent. Current expenditures were contained, and a recovery in capital expenditu...

Fuld beskrivelse

Bibliografiske detaljer
Institution som forfatter: International Monetary Fund
Format: Tidsskrift
Sprog:English
Udgivet: Washington, D.C. : International Monetary Fund, 1999.
Serier:IMF Staff Country Reports; Country Report ; No. 1999/019
Online adgang:Full text available on IMF
LEADER 01596cas a2200241 a 4500
001 AALejournalIMF000866
008 230101c9999 xx r poo 0 0eng d
020 |c 5.00 USD 
020 |z 9781451806151 
022 |a 1934-7685 
040 |a BD-DhAAL  |c BD-DhAAL 
110 2 |a International Monetary Fund. 
245 1 0 |a Brunei Darussalam :   |b Recent Economic Developments. 
264 1 |a Washington, D.C. :  |b International Monetary Fund,  |c 1999. 
300 |a 1 online resource (78 pages) 
490 1 |a IMF Staff Country Reports 
500 |a <strong>Off-Campus Access:</strong> No User ID or Password Required 
500 |a <strong>On-Campus Access:</strong> No User ID or Password Required 
506 |a Electronic access restricted to authorized BRAC University faculty, staff and students 
520 3 |a This paper describes economic developments in Brunei Darussalam during 1997-98. In 1997, the economy grew by 4 percent led by strong construction and services activities, while average inflation declined to less than 2 percent. Current expenditures were contained, and a recovery in capital expenditures was financed by larger transfers from the Brunei Investment Agency. In 1998, the Brunei economy was adversely affected by the large decline in world price of crude oil, the collapse of a large domestic private company, and the impact of the Asian crisis. 
538 |a Mode of access: Internet 
830 0 |a IMF Staff Country Reports; Country Report ;  |v No. 1999/019 
856 4 0 |z Full text available on IMF  |u http://elibrary.imf.org/view/journals/002/1999/019/002.1999.issue-019-en.xml  |z IMF e-Library